Interviewing

Bibliographic Details
Main Author: Grummitt, Janis
Format: Book
Published: London : The Industrial Society , 1989
Series:Communication skills guides
Subjects:

MARC

LEADER 00000cam a2200000 7i4500
001 0000007832
002 000008405
005 20000330.0
020 |a 0852903847 
090 0 0 |a 001.542   |b GRU 
100 1 |a Grummitt, Janis 
245 1 0 |a Interviewing   |c Janis Grummitt 
260 |a London :   |b The Industrial Society ,   |c 1989 
300 |a 50 p. :   |b ill ;   |c 21 cm. 
490 0 |a Communication skills guides 
650 0 0 |a Interpersonal communication 
650 0 0 |a Oral communication 
999 |a 042833   |b BUKU   |c PINJAMAN   |e PERPUSTAKAAN KOMUNITI PETALING JAYA